00446nam a2200193 a 4500001001300000003000900013005001700022008004100039020001000080082001700090100001500107245001200122260003100134300000800165500003500173505001000208650001900218700001500237nice12345678IN_TiNIC20260116011826.0050524s1909 teha grp 000 0 per  ac10000a891.51bSAA2 aSaaya, H A aShabgir aTehranbNo Publisherc1909 a98p aincludes index and biblioraphy2 aIndex aPersian Poetry1 aSaaya, H A